000 00467nam a2200181Ia 4500
008 100917s9999 xx 000 0 und d
082 _b11163
100 _aकर्णिक मधु मंगेश
245 _aकेवडा
260 _bश्रीराम प्रकाशन
_c1894
300 _a174
365 _b10
520 _aकथा
630 _aकेवडा
650 _aकथा
730 _aकेवडा
942 _cBOOK
999 _c616557
_d616554